00405ntaaa2200157 45000030003000000050017000030080021000200400037000410820017000782450033000952500010001282600058001383000010001966500017002067000024002230120251027202743.00714s1973 ag 01  aAR-BaBNbspacAR-BaBNeaacrdRIC a790.0000 D56 aHow to entertain your guests a1 ed. aLondon : bWells, Gardner, Darton and Company, cn.f. a126 p arecreación aDickinson, Dorothy